000 00929nam a2200277Ia 4500
005 20220317001803.0
008 170328s2015 c g 000 0 s
020 _a9789585898714
041 _aspa
082 1 4 _a796.334
_bF87
245 0 0 _aEl fútbol y yo
_btriunfos, derrotas y otras memorias contadas en Soho por sus protagonistas
_cJorge Valdano [y otros treinta y nueve]
250 _aPrimera edición
300 _a282 páginas
_c23 cm
490 _aDivertimento
521 _aRecomendado desde los 15 años
650 1 4 _2LEMB
_aFútbol
_xAnecdotas, chistes, satiras, etc
650 1 4 _2LEMB
_aFútbol
_xHistoria
650 1 4 _2LEMB
_aJugadores de fútbol
700 1 _aValdano, Jorge
_990794
942 _2ddc
_cBK
264 _aBogotá
_bSemana Libros
_c2015
336 _atexto
_btxt
_2rdacontent
337 _asin mediación
_bn
_2rdamedia
338 _avolumen
_bnc
_2rdacarrier
040 _aCO-BoRNBP
_bspa
_erda
_cCO-BoRNBP
999 _c8093
_d8093